| 000 | 01454cam a22003734a 4500 | ||
|---|---|---|---|
| 001 | 13245322 | ||
| 003 | OSt | ||
| 005 | 20210416053733.0 | ||
| 008 | 030619s2004 nyua b 001 0 eng | ||
| 010 | _a 2003014194 | ||
| 020 | _a0071422536 (alk. paper) | ||
| 040 |
_aDLC _cDLC _dDLC |
||
| 042 | _apcc | ||
| 050 | 0 | 0 |
_aHD4904.7 _b.P56 2004 |
| 080 |
_a65 _bP-73 |
||
| 082 | 0 | 0 |
_a658.3/01 _221 |
| 245 | 0 | 0 |
_aPlay to your strengths : _bmanaging your internal labor markets for lasting competitive advantage / _cHaig R. Nalbantian ... [et al.]. |
| 260 |
_aNew York : _bMcGraw-Hill, _cc2004. |
||
| 300 |
_aix, 274 p. : _bill. ; _c24 cm. |
||
| 504 | _aIncludes bibliographical references and index. | ||
| 650 | 0 | _aHuman capital. | |
| 650 | 0 | _aLabor productivity. | |
| 650 | 0 | _aOrganizational effectiveness. | |
| 650 | 0 | _aCompetition. | |
| 700 | 1 | _aNalbantian, Haig R. | |
| 710 |
_946 _aGuzzo, A. Richhard |
||
| 711 |
_947 _aKieffer, Dave |
||
| 856 | 4 | 2 |
_3Contributor biographical information _uhttp://www.loc.gov/catdir/bios/mh042/2003014194.html |
| 856 | 4 | 1 |
_3Table of contents _uhttp://www.loc.gov/catdir/toc/ecip045/2003014194.html |
| 856 | 4 | 2 |
_3Publisher description _uhttp://www.loc.gov/catdir/description/mh031/2003014194.html |
| 906 |
_a7 _bcbc _corignew _d1 _eecip _f20 _gy-gencatlg |
||
| 942 |
_2udc _cBK |
||
| 999 |
_c120 _d120 |
||